[Event "UZB-ch Women 2021"]
[Site "Tashkent"]
[Date "2021.04.21"]
[Round "5.2"]
[White "Semenova, Irina"]
[Black "Khegay, Yuliya"]
[Result "1/2-1/2"]
[WhiteElo "2188"]
[BlackElo "1913"]
[Annotator "TA"]
[PlyCount "63"]
[EventDate "2021.04.17"]
[EventType "tourn"]
[EventCountry "UZB"]
[SourceTitle "playchess.com"]
[Source "ChessBase"]
[SourceQuality "1"]

{[%evp 12,63,33,9,20,31,34,25,22,29,56,86,75,52,73,63,78,41,63,2,8,11,15,-7,-8,-26,-18,-15,164,131,174,-31,27,27,19,25,25,0,0,0,0,0,0,-15,0,0,0,0,0,0,0,0,0,0]} 1. d4 d5 2. c4 dxc4 3. Nf3 Nf6 4. e3 e6 5. Bxc4 c5 6. O-O a6 7. e4 cxd4 {7...Nxe4 is setting a new trend. D27: Queen's Gambit Accepted: Classical main line: 7 e4!? and 7 a4.} 8. e5 Nd5 9. Qxd4 Nc6 {White has an edge.} 10. Qg4 {[#]} Nde7 $146 ({Predecessor:} 10... Qc7 11. Re1 Ncb4 12. Na3 b5 13. Bf1 Bd7 14. Bd2 Rc8 15. Re4 Nc6 16. Rc1 Qb8 {½-½ (28) Cech,P (2400)-Donchenko,A (2400) Germany 2003}) 11. Bg5 Qc7 12. Bxe7 Nxe7 13. Nbd2 Bd7 14. Rac1 Bc6 15. Nb3 (15. Ng5 $14 h5 16. Qh3) 15... Bxf3 16. Qxf3 Nc6 17. Qg3 Qxe5 18. f4 Qf6 19. f5 $1 {[%cal Rf5e6]} e5 {[#]} (19... exf5 $11 20. Qc7 Be7) 20. Nd2 $1 $18 {[%cal Rd2e4] aiming for Ne4.} Qd8 {[#]} 21. Rcd1 (21. f6 $1 $18 gxf6 (21... Qb6+ 22. Kh1) 22. Qb3 Bc5+ 23. Kh1) 21... Qb6+ (21... Qd4+ $1 $15 22. Kh1 O-O-O) 22. Kh1 $11 O-O-O $1 ({Avoid the trap} 22... Qxb2 $2 23. Ne4 $18) 23. Bxf7 Qc7 24. Be6+ Kb8 {The position is equal.} 25. Ne4 Rxd1 26. Rxd1 Nd4 27. Qg4 Qc2 28. Rd2 Qb1+ 29. Rd1 Qc2 {Strongly threatening ...h5.} 30. Rd2 Qb1+ 31. Rd1 Qc2 {And now ...h5 would win.} 32. Rd2 {Weighted Error Value: White=0.23/Black=0.16} 1/2-1/2

[Event "UZB-ch Women 2021"]
[Site "Tashkent"]
[Date "2021.04.21"]
[Round "5.3"]
[White "Orazmukhammedova, Makhim"]
[Black "Abdusattorova, Bakhora"]
[Result "0-1"]
[WhiteElo "1898"]
[BlackElo "2078"]
[Annotator "TA"]
[PlyCount "58"]
[EventDate "2021.04.17"]
[EventType "tourn"]
[EventCountry "UZB"]
[SourceTitle "playchess.com"]
[Source "ChessBase"]
[SourceQuality "1"]

{[%evp 11,58,4,22,-9,-2,-69,-68,-64,-81,-119,-110,-108,-131,-124,-19,-135,-133,-132,-138,-118,-127,-135,-144,-181,-167,-164,-159,-188,-188,-190,-185,-807,-787,-778,-741,-29979,-29980,-29980,-29980,-2443,-987,-972,-976,-29996,-29997,-29997,-29998,-29998,-29999]} 1. d4 Nf6 2. c4 e6 3. Bg5 h6 4. Bh4 Bb4+ 5. Nc3 c5 6. e3 Qa5 7. Qb3 {E30: Nimzo-Indian: Leningrad Variation.} Ne4 {[%cal Re4c3]} 8. Rc1 (8. Nge2 $11) 8... cxd4 $15 9. exd4 {Black is slightly better.} Nc6 {[#]} 10. Nge2 $146 ({Predecessor:} 10. Nf3 g5 11. Bg3 g4 12. d5 Bxc3+ 13. bxc3 Nxg3 14. hxg3 gxf3 15. dxc6 Qe5+ 16. Kd2 {0-1 (54) Clausen,T-Grotnes,N (2232) Oslo 2009}) 10... O-O 11. a3 Bxc3+ 12. bxc3 d5 ({Better is} 12... b6 $17 {...Ba6 is the strong threat.} 13. f3 Nd6) 13. c5 (13. cxd5 $1 $11 exd5 14. f3) 13... b6 $17 14. f3 {[#]} Ng5 15. cxb6 {aiming for b7.} Rb8 {[%cal Ba8b8,Bb8b6,Bb6b2][%mdl 32]} ({Don't take} 15... Qxb6 16. Qxb6 axb6 17. Rb1 $15) 16. Qc2 Rxb6 17. Bxg5 hxg5 18. h4 g4 19. h5 Qxa3 20. Qd2 Rb2 21. Qf4 (21. Rc2 Rxc2 22. Qxc2) 21... e5 $19 22. dxe5 Re8 23. h6 Nxe5 24. Rd1 g3 25. Qxg3 {[#]} Ng6 (25... Qxc3+ $142 $3 {[%mdl 512]} 26. Kf2 Qc5+ 27. Ke1 Ng6 {[%mdl 64] Decoy}) 26. Kf2 Qc5+ 27. Ke1 Qxc3+ {Black mates.} 28. Kf2 Qe3+ {[%mdl 64] Double Attack} 29. Ke1 Rxe2+ {Weighted Error Value: White=1.01/Black=0.30} 0-1

[Event "UZB-ch Women 2021"]
[Site "Tashkent"]
[Date "2021.04.21"]
[Round "5.4"]
[White "Shokirjonova, Barchinoy"]
[Black "Salimova, Asal"]
[Result "0-1"]
[WhiteElo "1594"]
[BlackElo "1815"]
[Annotator "NA RC"]
[PlyCount "92"]
[EventDate "2021.04.17"]
[EventType "tourn"]
[EventCountry "UZB"]
[SourceTitle "playchess.com"]
[Source "ChessBase"]
[SourceQuality "1"]
[TimeControl "5400+30"]

1. d4 {[%emt 0:00:00]} g6 {[%emt 0:00:00]} 2. Nf3 {[%emt 0:00:00]} Bg7 {[%emt 0:00:00]} 3. c4 {[%emt 0:00:00]} c5 {[%emt 0:00:00]} 4. d5 {[%emt 0:00:13]} d6 {[%emt 0:00:06]} 5. Nc3 {[%emt 0:00:40]} Bxc3+ {[%emt 0:00:43]} 6. bxc3 {[%emt 0:00:06]} f5 {[%emt 0:00:02]} 7. h4 {[%emt 0:03:22]} Nf6 {[%emt 0:00:04]} 8. g3 {[%emt 0:03:15]} Qa5 {[%emt 0:00:14]} 9. Bd2 {[%emt 0:00:46]} Nbd7 {[%emt 0:00:26]} 10. e3 {[%emt 0:09:02]} Nb6 {[%emt 0:03:48]} 11. h5 {[%emt 0:05:23]} Rg8 {[%emt 0:01:17]} 12. hxg6 {[%emt 0:09:37]} hxg6 {[%emt 0:00:02]} 13. Bd3 {[%emt 0:02:56]} Bd7 {[%emt 0:00:28]} 14. Ng5 {[%emt 0:01:14]} O-O-O {[%emt 0:00:38]} 15. Qf3 {[%emt 0:22:19]} Qa6 {[%emt 0:04:28]} 16. O-O {[%emt 0:03:10]} Nbxd5 {[%emt 0:05:24]} 17. Qe2 {[%emt 0:14:16]} Nb6 {[%emt 0:00:30]} 18. f3 {[%emt 0:00:46]} Bc6 {[%emt 0:04:27]} 19. e4 {[%emt 0:00:41]} fxe4 {[%emt 0:02:17]} 20. fxe4 {[%emt 0:00:03]} Nbd7 {[%emt 0:01:00]} 21. Bf4 {[%emt 0:01:59]} Nh5 {[%emt 0:08:18]} 22. Nf7 {[%emt 0:07:29]} Nxf4 {[%emt 0:03:16]} 23. Rxf4 {[%emt 0:00:22]} Rdf8 {[%emt 0:12:27]} 24. Raf1 {[%emt 0:00:11]} Qa5 {[%emt 0:00:31]} 25. Qd2 {[%emt 0:06:08]} Qc7 {[%emt 0:00:53]} 26. Qe2 {[%emt 0:01:03]} Kb8 {[%emt 0:51:41]} 27. R1f2 {[%emt 0:01:09]} (27. e5 $17 {was called for.}) 27... a6 {[%emt 0:00:00]} 28. g4 {[%emt 0:00:52]} Ka7 {[%emt 0:01:00]} 29. g5 Rb8 {[%emt 0:00:00]} 30. Qf1 {[%emt 0:01:33]} b5 {[%emt 0:00:00]} 31. cxb5 {[%emt 0:01:13]} Bxb5 {[%emt 0:00:00]} 32. a4 {[%emt 0:01:56]} Bxd3 {[%emt 0:00:00]} 33. Qxd3 {[%emt 0:00:03]} Rb3 {[%emt 0:00:00]} 34. Qc4 {[%emt 0:01:19]} Rgb8 {[%emt 0:00:00]} 35. Qe6 {[%emt 0:00:45]} Nf8 {[%emt 0:00:00]} 36. Qc4 {[%emt 0:00:01]} Rb1+ {[%emt 0:00:00]} 37. Kg2 {[%emt 0:04:38]} R1b2 {[%emt 0:00:00]} 38. Nh8 {[%emt 0:00:00]} Rxf2+ {[%emt 0:00:00]} (38... Qc8 $142 39. Rh4 Ne6) 39. Rxf2 $19 {[%emt 0:00:00]} Qd7 {[%emt 0:00:00]} 40. Kg3 {[%emt 0:00:00]} Ne6 {[%emt 0:00:00]} 41. Nf7 {[%emt 0:00:00]} Ng7 {[%emt 0:00:00]} 42. Qd5 {[%emt 0:00:16]} Nh5+ {[%emt 0:07:00]} 43. Kh4 Rb1 {[%emt 0:00:00]} 44. e5 {[%emt 0:01:41]} Qxa4+ {[%emt 0:00:00]} 45. c4 {[%emt 0:02:03]} Rd1 {[%emt 0:00:00]} 46. Qe4 {[%emt 0:00:00]} Rd4 {[%emt 0:00:00]} 0-1

[Event "UZB-ch Women 2021"]
[Site "Tashkent"]
[Date "2021.04.22"]
[Round "6.1"]
[White "Abdusattorova, Bakhora"]
[Black "Shokirjonova, Barchinoy"]
[Result "1-0"]
[WhiteElo "2078"]
[BlackElo "1594"]
[Annotator "TA"]
[PlyCount "55"]
[EventDate "2021.04.17"]
[EventType "tourn"]
[EventCountry "UZB"]
[SourceTitle "playchess.com"]
[Source "ChessBase"]
[SourceQuality "1"]

{[%evp 19,55,-12,0,-15,0,-19,-17,-18,-4,-15,4,0,2,0,122,93,69,27,26,26,29,35,118,112,352,344,345,332,336,348,359,354,919,762,1040,1027,1394,1366]} 1. d4 Nf6 2. Nf3 g6 3. g3 Bg7 4. Bg2 O-O 5. O-O d5 6. c4 c6 7. cxd5 cxd5 8. Qb3 Nc6 9. Nc3 Ne4 10. Rd1 Na5 11. Qb4 {D79: Fianchetto Grünfeld: Symmetrical Variation (6 0-0 c6 7 cxd5 cxd5).} Nc6 12. Qa3 (12. Qa4 {feels hotter.} Bg4 13. Qb5 Rb8 14. Bf4 a6 15. Qb3) 12... Bf5 13. Bf4 {The position is equal.} Nxc3 14. bxc3 Be4 {[#]} 15. Rac1 $146 ({Predecessor:} 15. Bf1 Bxf3 16. exf3 Na5 17. Re1 e6 18. h4 a6 19. h5 Re8 20. hxg6 hxg6 21. Kg2 {0-1 (72) Bitoon,R-Nolte,R (2365) Philippines 1997}) 15... Rc8 16. Bh3 Bxf3 (16... e6 $11 {remains equal.}) 17. Bxc8 $16 ({But not} 17. exf3 $6 e6 $11) 17... Bxe2 {[#]} 18. Re1 $1 Qxc8 19. Rxe2 Qg4 20. Rce1 g5 (20... Bf6 $14) 21. Bc1 f5 $2 {[#] Loses the game.} (21... Qf5 $16 {was called for.}) 22. Qb3 $18 f4 23. Qxd5+ Kh8 24. f3 Qh3 25. Qe6 Rf5 $2 (25... Qxe6 26. Rxe6 fxg3 27. hxg3 Rf5) 26. Rg2 {White is clearly winning.} h6 27. gxf4 Kh7 28. Rg3 {Weighted Error Value: White=0.07/Black=0.44} 1-0

[Event "UZB-ch Women 2021"]
[Site "Tashkent"]
[Date "2021.04.22"]
[Round "6.2"]
[White "Khegay, Yuliya"]
[Black "Orazmukhammedova, Makhim"]
[Result "1/2-1/2"]
[WhiteElo "1913"]
[BlackElo "1898"]
[Annotator "TA"]
[PlyCount "72"]
[EventDate "2021.04.17"]
[EventType "tourn"]
[EventCountry "UZB"]
[SourceTitle "playchess.com"]
[Source "ChessBase"]
[SourceQuality "1"]

{[%evp 16,72,20,10,34,33,58,32,58,60,81,81,59,58,64,24,65,65,67,75,70,66,74,81,62,63,65,72,157,128,127,116,132,52,45,25,25,29,23,16,115,118,120,91,89,-144,-105,-667,0,0,0,0,0,0,0,0,0,0,0]} 1. e4 c5 2. Nf3 e6 3. d4 cxd4 4. Nxd4 a6 5. Bd3 Nc6 6. Nxc6 dxc6 7. Be3 e5 8. O-O Nf6 9. f3 {has lost popularity (9.h3).} Bd6 {B42: Sicilian: Kan Variation: 5 Bd3.} 10. a4 {[#]} a5 $146 ({Predecessor:} 10... O-O 11. Nd2 Bc7 12. Qe1 Nh5 13. g4 Nf4 14. Bxf4 exf4 15. Kg2 Qd4 16. b3 Rd8 17. a5 {0-1 (36) Shevchuk,V-Malakhov,I (2429) St Petersburg 2012}) 11. Nd2 Be6 {White is slightly better.} 12. Bc4 Qe7 13. Bxe6 Qxe6 14. Qe2 Nd7 15. Qc4 Qxc4 16. Nxc4 Bc7 17. Rfd1 Ke7 18. Rd3 Rhd8 19. Rad1 f6 20. Nd6 Bxd6 21. Rxd6 g5 (21... Rab8 $142) 22. Kf2 c5 23. Ke2 b6 24. R1d3 (24. h4 $16 h6 25. h5) 24... Rab8 $1 $14 25. g3 Nf8 $1 26. Rxd8 Rxd8 $11 {[%mdl 4096] Endgame KRB-KRN} 27. f4 Ne6 (27... exf4 $11 {keeps the balance.} 28. gxf4 gxf4 29. Bxf4 Rd7) 28. fxe5 $16 fxe5 {[#]} 29. Rd5 $1 Nd4+ 30. Bxd4 $2 (30. Kd3 $16 {and life is bright.} Nf3 31. Kc4) 30... Rxd5 $17 31. exd5 {[%mdl 8192]} (31. Be3 $17 Rd6 32. Bxg5+ Kf7 33. Be3) 31... exd4 $2 $16 {KP-KP} ({Black should try} 31... cxd4 $19 32. c4 g4) 32. Kd3 $11 {Strongly threatening Ke4.The position is equal.} Kd6 33. Ke4 {[#] Threatens to win with g4.} g4 $1 34. c3 d3 35. Kxd3 Kxd5 {aiming for ...c4+.} 36. c4+ Ke5 {Weighted Error Value: White=0.35/Black=0.34} 1/2-1/2

[Event "UZB-ch Women 2021"]
[Site "Tashkent"]
[Date "2021.04.22"]
[Round "6.3"]
[White "Yakubbaeva, Nilufar"]
[Black "Semenova, Irina"]
[Result "1-0"]
[WhiteElo "2275"]
[BlackElo "2188"]
[Annotator "TA"]
[PlyCount "101"]
[EventDate "2021.04.17"]
[EventType "tourn"]
[EventCountry "UZB"]
[SourceTitle "playchess.com"]
[Source "ChessBase"]
[SourceQuality "1"]

{[%evp 20,101,20,21,27,37,35,18,31,0,0,0,0,0,0,-8,13,12,12,11,21,12,41,42,71,64,77,79,75,48,48,49,69,56,62,61,60,28,38,28,67,57,69,70,66,65,62,66,85,85,83,82,82,72,80,72,101,82,104,104,102,102,104,102,109,107,102,102,102,102,111,95,110,109,141,137,215,217,214,151,212,205,205,197]} 1. e4 c5 2. Nf3 d6 3. c3 Nf6 4. Bd3 g6 5. O-O Bg7 6. Bc2 O-O 7. d4 cxd4 8. cxd4 Nc6 9. h3 Nb4 10. Bb3 d5 11. e5 Ne4 {B50: Sicilian: 2...d6, Miscellaneous.} 12. Nc3 Nxc3 13. bxc3 Nc6 {The position is equal.} 14. c4 dxc4 15. Bxc4 Na5 16. Bd3 Be6 {[#]} 17. Be3 $146 ({Predecessor:} 17. Qe2 Rc8 18. Rd1 Bc4 19. Bg5 h6 20. Bh4 Qd7 21. Bxc4 Rxc4 22. d5 g5 23. Bg3 Qa4 24. Rac1 Rd8 25. Rxc4 Qxc4 26. Qxc4 Nxc4 {0-1 (47) Asefi,Z (2017)-Wahedi,A (2276) Cappelle-la-Grande 2014}) 17... Bc4 18. Bxc4 Nxc4 19. Qb3 Qd5 20. Rab1 Rab8 21. Rfc1 Nb6 22. Qa3 Qd7 23. Qxa7 Nd5 24. Qa3 b6 25. Rc2 Rfc8 26. Rbc1 Bf8 27. Qb3 {Threatens to win with Rxc8.} e6 28. Bd2 Rxc2 29. Rxc2 Rc8 30. a4 Rxc2 31. Qxc2 h6 32. Qc4 Kg7 33. Ne1 Be7 34. g3 Nc7 35. Nd3 b5 36. axb5 Nxb5 37. Be3 Na3 38. Qb3 Qb5 39. Nc5 Qxb3 40. Nxb3 $16 {[%mdl 4096] Endgame KBN-KBN} Nb5 41. Kf1 Nc3 42. Nc5 h5 43. Ke1 Kf8 44. Kd2 Nd5 45. Kd3 Nb6 46. Ne4 Ke8 47. Bg5 {White is clearly better.} Bb4 {[#]} (47... Bxg5 $16 {was called for.} 48. Nxg5 Nd5) 48. Nf6+ $1 $18 Kf8 {[#]} 49. Bh6+ $1 Ke7 50. Bd2 Bxd2 51. Kxd2 {Weighted Error Value: White=0.04/Black=0.10} 1-0

[Event "UZB-ch Women 2021"]
[Site "Tashkent"]
[Date "2021.04.22"]
[Round "6.4"]
[White "Malikova, Marjona"]
[Black "Saparova, Sitora"]
[Result "1-0"]
[WhiteElo "1651"]
[BlackElo "2017"]
[Annotator "TA"]
[PlyCount "37"]
[EventDate "2021.04.17"]
[EventType "tourn"]
[EventCountry "UZB"]
[SourceTitle "playchess.com"]
[Source "ChessBase"]
[SourceQuality "1"]

{[%evp 10,37,11,10,36,25,22,20,15,25,24,8,22,18,27,6,44,10,41,43,101,101,101,101,104,98,98,95,549,567]} 1. d4 d5 2. c4 e6 3. Nc3 Nf6 4. cxd5 exd5 5. Bg5 c6 6. e3 Nbd7 {Recently 6...h6 got a lot of attention. D35: Queen's Gambit Declined: Exchange Variation.} 7. Qc2 h6 8. Bh4 g5 {The position is equal.} 9. Bg3 Nh5 10. Bd3 Nxg3 11. hxg3 Bg7 12. Nge2 {[#]} Nf8 $146 ({Predecessor:} 12... Qe7 13. O-O-O Nf6 14. Kb1 Be6 15. f3 O-O-O 16. Nc1 Kb8 17. Nb3 h5 18. Rde1 Qc7 {½-½ (72) Moreno Ruiz,J (2448)-Bolado Saez,S (2370) Madrid 2016}) 13. e4 (13. O-O-O {seems wilder.} Nd7 14. g4 Nf6 15. f3 Qc7 16. Kb1) 13... Ne6 (13... dxe4 {is more complex.} 14. Bxe4 Ne6 15. O-O-O Qc7 16. d5 cxd5 17. Nxd5 Qxc2+ 18. Bxc2 Bd7) 14. exd5 Nxd4 (14... cxd5 $14 15. O-O-O O-O) 15. Nxd4 $16 Bxd4 16. dxc6 {Hoping for Be4.} bxc6 {[#]} 17. O-O-O $1 {aiming for Bc4.} Rb8 18. Bc4 {Qe4+ is the strong threat.} Qf6 $2 {[%mdl 8192]} (18... c5 $16 {is a better chance.}) 19. Qe4+ {[%mdl 64] Double Attack.  Weighted Error Value: White=0.06/Black=0.68} 1-0

[Event "UZB-ch Women 2021"]
[Site "Tashkent"]
[Date "2021.04.23"]
[Round "7.1"]
[White "Omonova, Umida"]
[Black "Malikova, Marjona"]
[Result "1-0"]
[WhiteElo "2008"]
[BlackElo "1651"]
[Annotator "TA RC"]
[PlyCount "42"]
[EventDate "2021.04.17"]
[EventType "tourn"]
[EventCountry "UZB"]
[SourceTitle "playchess.com"]
[Source "ChessBase"]
[SourceQuality "1"]

{[%evp 18,42,85,74,74,100,106,97,109,104,127,128,135,145,147,101,194,127,286,229,199,179,183,201,177,181,255]} 1. e4 c5 2. Nf3 g6 3. d4 cxd4 4. Nxd4 Nf6 5. Nc3 d6 6. Be3 Bg7 7. f3 O-O 8. Qd2 d5 9. e5 Nfd7 {[#]} 10. f4 $1 ({Don't play} 10. Nxd5 Nxe5 11. Nc3 Nbc6 $11) 10... Nb6 {B76: Sicilian Dragon: Yugoslav Attack, 9 g4 and 9 0-0-0.} 11. O-O-O Bg4 12. Re1 Nc6 {White is better.} 13. h3 {[#]} Be6 $146 ({Predecessor:} 13... Bd7 14. b3 Qc7 15. g4 Rfc8 16. Kb2 a6 17. Nf3 e6 18. h4 f6 19. exf6 Bxf6 {½-½ (57) Paleckis,E (2398)-Dickl,E (2266) Remote email 2011}) 14. g4 Nxd4 15. Bxd4 Nc4 16. Qf2 Qa5 (16... b5 $16) 17. f5 ({Better is} 17. Kb1 $18) 17... Bd7 $2 {A mistake that costs the game.} (17... b5 $16 {might work better.}) 18. Bxc4 dxc4 {White is clearly better.} 19. f6 exf6 20. exf6 Bh6+ {[#]} 21. Be3 $1 {[%cal Re3h6]} Qc5 {Weighted Error Value: White=0.17/Black=0.33} (21... Bxe3+ $142 22. Qxe3 g5) 1-0

[Event "UZB-ch Women 2021"]
[Site "Tashkent"]
[Date "2021.04.23"]
[Round "7.2"]
[White "Orazmukhammedova, Makhim"]
[Black "Yakubbaeva, Nilufar"]
[Result "0-1"]
[WhiteElo "1898"]
[BlackElo "2275"]
[Annotator "TA"]
[PlyCount "70"]
[EventDate "2021.04.17"]
[EventType "tourn"]
[EventCountry "UZB"]
[SourceTitle "playchess.com"]
[Source "ChessBase"]
[SourceQuality "1"]

{[%evp 15,70,-22,-14,-54,-54,-56,-41,-51,-56,-70,-57,-66,-65,-67,-70,-51,-52,-67,-55,-85,-89,-83,-72,-81,-101,-104,-94,-118,-108,-143,-128,-263,-251,-268,-250,-255,-239,-497,-495,-496,-484,-458,-464,-493,-79,-487,-481,-540,-543,-644,-657,-659,-659,-707,-712,-700,-700]} 1. d4 Nf6 2. c4 e6 3. g3 d5 4. Bg2 c6 5. Nf3 Bd6 6. O-O Nbd7 7. cxd5 exd5 8. Nc3 O-O 9. Bf4 {D35: Queen's Gambit Declined: Exchange Variation.} Bxf4 10. gxf4 Re8 11. Ne5 {Black is slightly better.} Nf8 12. b4 Ng6 13. Nxg6 hxg6 14. e3 {[#]} Bf5 $146 ({Predecessor:} 14... Bg4 15. Qd2 Qd7 16. f3 Bh3 17. Rae1 Bxg2 18. Kxg2 Re7 19. Ne2 Ne8 20. Ng3 Nd6 {0-1 (39) Cuenca Jimenez,J (2487)-Arizmendi Martinez,J (2560) San Agustin 2012}) 15. Rc1 Qd7 16. a4 Bg4 17. f3 {White is on the road to losing.} Bh3 18. Re1 Re7 19. b5 Rae8 20. Qd2 Nh5 21. bxc6 bxc6 22. a5 Qf5 23. Na2 (23. Bxh3 $17 Qxh3 24. Qf2) 23... Bxg2 $19 24. Kxg2 g5 25. fxg5 Qxg5+ {[%mdl 64] [#] Double Attack} 26. Kf2 $2 (26. Kh1 Qh6 27. Nb4 Rxe3 28. Rxe3 Rxe3 29. Rg1) 26... Qh4+ 27. Kf1 Re6 28. Qf2 Qh3+ 29. Qg2 Qxg2+ 30. Kxg2 {[#]} Nf4+ $1 {[%mdl 576] Pin. Black is clearly winning.} 31. Kg3 (31. exf4 Rxe1) 31... Nd3 {[%mdl 64] And now ...Rg6+ would win. Double Attack} 32. Kg2 Nxe1+ 33. Rxe1 Rxe3 34. Rxe3 Rxe3 35. Nb4 Rc3 {Weighted Error Value: White=0.37/Black=0.02} 0-1

[Event "UZB-ch Women 2021"]
[Site "Tashkent"]
[Date "2021.04.23"]
[Round "7.3"]
[White "Shokirjonova, Barchinoy"]
[Black "Khegay, Yuliya"]
[Result "1/2-1/2"]
[WhiteElo "1594"]
[BlackElo "1913"]
[Annotator "NA RC"]
[PlyCount "79"]
[EventDate "2021.04.17"]
[EventType "tourn"]
[EventCountry "UZB"]
[SourceTitle "playchess.com"]
[Source "ChessBase"]
[SourceQuality "1"]
[TimeControl "5400+30"]

1. d4 {[%emt 0:00:00]} d5 {[%emt 0:00:00]} 2. c4 {[%emt 0:00:00]} dxc4 {[%emt 0:00:00]} 3. Nf3 {[%emt 0:00:00]} Nf6 {[%emt 0:00:00]} 4. e3 {[%emt 0:00:00]} e6 {[%emt 0:00:00]} 5. Bxc4 {[%emt 0:00:00]} a6 {[%emt 0:00:00]} 6. Be2 {[%emt 0:01:24] D26: Queen's Gambit Accepted: 4 e3 e6 5 Bxc5 c5 sidelines.} Be7 {[%emt 0:02:23]} 7. Nbd2 {[%emt 0:01:29]} Nbd7 {[%emt 0:02:26]} 8. b3 {[%emt 0:02:12] The position is equal.} O-O {[%emt 0:04:57]} 9. O-O {[%emt 0:00:29]} b5 {[%emt 0:11:20]} 10. Bb2 {[%emt 0:06:11]} Bb7 {[%emt 0:00:49]} 11. a4 {[%emt 0:06:18]} b4 {[%emt 0:01:23]} 12. Rc1 {[%emt 0:01:39] [#]} Rc8 $146 {[%emt 0:04:08]} ({Predecessor:} 12... c5 13. dxc5 Bxc5 14. Ne5 Rc8 15. Nxd7 Qxd7 16. Bxf6 gxf6 17. Nc4 Qxd1 18. Rfxd1 Bd5 {½-½ (82) Aronian,L (2781)-Harikrishna,P (2732) chess24.com INT 2020}) 13. Ne5 {[%emt 0:04:46]} c5 {[%emt 0:10:57]} 14. Bf3 {[%emt 0:05:54]} Bxf3 {[%emt 0:03:21]} 15. Qxf3 {[%emt 0:08:56]} Nd5 {[%emt 0:27:31] Weighted Error Value: White=0.06/Black=0.07} 16. Nxd7 {[%emt 0:16:53]} Qxd7 {[%emt 0:00:15]} 17. Nc4 {[%emt 0:00:57]} Qd8 {[%emt 0:08:12]} 18. e4 {[%emt 0:07:49]} Nb6 {[%emt 0:04:32]} 19. dxc5 {[%emt 0:03:00]} Nxc4 {[%emt 0:00:49]} 20. Rxc4 {[%emt 0:00:19]} Rxc5 {[%emt 0:03:00]} 21. Rxc5 {[%emt 0:10:11]} Bxc5 {[%emt 0:00:03]} 22. Qg4 {[%emt 0:00:16]} g6 {[%emt 0:07:10]} 23. Rd1 {[%emt 0:02:49]} Qe7 {[%emt 0:04:27]} 24. Qf3 {[%emt 0:05:15]} Rd8 {[%emt 0:01:04]} 25. g3 {[%emt 0:02:45]} Kf8 {[%emt 0:02:34]} 26. Rxd8+ {[%emt 0:05:28]} Qxd8 {[%emt 0:00:01]} 27. Qf4 {[%emt 0:00:16]} Bd4 {[%emt 0:01:23]} 28. Qd2 {[%emt 0:00:50]} e5 {[%emt 0:00:18]} 29. Qxb4+ {[%emt 0:00:07]} Ke8 {[%emt 0:00:52]} 30. Ba3 {[%emt 0:00:29]} Qf6 {[%emt 0:00:24]} 31. Qd2 {[%emt 0:02:21]} Qf3 {[%emt 0:00:25]} 32. Qc2 {[%emt 0:00:05]} Kd7 {[%emt 0:00:36]} 33. Bc1 {[%emt 0:05:10]} h5 {[%emt 0:00:30]} 34. b4 {[%emt 0:00:55]} h4 {[%emt 0:00:16]} 35. gxh4 {[%emt 0:00:17]} Qg4+ {[%emt 0:00:03]} 36. Kf1 {[%emt 0:00:40]} Qh3+ {[%emt 0:00:36]} 37. Kg1 {[%emt 0:00:26]} Qg4+ {[%emt 0:00:34]} 38. Kf1 {[%emt 0:00:05]} Qh3+ {[%emt 0:00:03]} 39. Kg1 {[%emt 0:01:08]} Qg4+ {[%emt 0:00:02]} 40. Kf1 {[%emt 0:02:11]} 1/2-1/2